[Event "SB-2022-0-00632"]
[Site "LSS email"]
[Date "2022.03.01"]
[Round "?"]
[White "D'Emilia, Jack"]
[Black "Cleto Junior, Dirceu"]
[Result "1/2-1/2"]
[WhiteElo "1908"]
[BlackElo "1961"]
[PlyCount "30"]
[EventDate "2022.01.11"]
[EventType "tourn (corr)"]
[EventRounds "6"]
[EventCountry "GER"]
[SourceTitle "Corr 2024"]
[Source "ChessBase"]
[SourceDate "2023.10.19"]
[SourceVersion "1"]
[SourceVersionDate "2023.10.19"]
[SourceQuality "1"]

1. e4 e6 2. Nf3 d5 3. exd5 exd5 4. d4 Bd6 5. Bd3 Ne7 6. 0-0 Nbc6 7. Re1 0-0 8. a4 Bf5 9. Nc3 Bb4 10. Bxf5 Nxf5 11. Qd3 Nh4 12. Ng5 Ng6 13. Bd2 Be7 14. Nf3 Nb4 15. Qf5 Bd6 1/2-1/2

[Event "SB-2022-0-00632"]
[Site "LSS email"]
[Date "2022.03.01"]
[Round "?"]
[White "Wittal, Werner"]
[Black "D'Emilia, Jack"]
[Result "1/2-1/2"]
[WhiteElo "1935"]
[BlackElo "1908"]
[PlyCount "55"]
[EventDate "2022.01.11"]
[EventType "tourn (corr)"]
[EventRounds "6"]
[EventCountry "GER"]
[SourceTitle "Corr 2024"]
[Source "ChessBase"]
[SourceDate "2023.10.19"]
[SourceVersion "1"]
[SourceVersionDate "2023.10.19"]
[SourceQuality "1"]

1. d4 e6 2. e4 d5 3. Nd2 c5 4. Ngf3 cxd4 5. exd5 Qxd5 6. Bc4 Qd7 7. 0-0 Nf6 8. Nb3 Nc6 9. Nbxd4 Nxd4 10. Qxd4 Qxd4 11. Nxd4 Bc5 12. Nb3 Bb6 13. a4 a5 14. Re1 Bd7 15. Be3 Bxe3 16. Rxe3 Ke7 17. Nd4 Rhd8 18. f4 Bxa4 19. c3 Bc6 20. f5 Nd5 21. Ree1 g6 22. fxe6 f5 23. Bb3 Nc7 24. Ba4 Be4 25. Bd7 Nd5 26. Nb3 Nf6 27. Nc5 Ra7 28. Nxe4 1/2-1/2

[Event "SB-2022-0-00631"]
[Site "LSS email"]
[Date "2022.02.11"]
[Round "?"]
[White "D'Emilia, Jack"]
[Black "Jacewicz, Grzegorz"]
[Result "1/2-1/2"]
[WhiteElo "1915"]
[BlackElo "1998"]
[PlyCount "80"]
[EventDate "2021.12.29"]
[EventType "tourn (corr)"]
[EventRounds "6"]
[EventCountry "GER"]
[SourceTitle "Corr 2024"]
[Source "ChessBase"]
[SourceDate "2023.10.19"]
[SourceVersion "1"]
[SourceVersionDate "2023.10.19"]
[SourceQuality "1"]

1. e4 c5 2. Nc3 d6 3. Nf3 a6 4. g3 Nc6 5. Bg2 Bg4 6. h3 Bxf3 7. Qxf3 e6 8. d3 g6 9. Qd1 Bg7 10. Ne2 Nge7 11. h4 h5 12. 0-0 0-0 13. c3 d5 14. exd5 Nxd5 15. Bg5 Qb6 16. Rb1 Rfe8 17. Re1 Nf6 18. Nc1 Ng4 19. Qc2 Na5 20. Ne2 Nc6 21. Nc1 Na5 22. Ne2 Qc7 23. Nf4 Rac8 24. Nh3 Qd7 25. a4 b5 26. axb5 axb5 27. Red1 Nc6 28. Bf4 Red8 29. Ng5 Be5 30. Bc1 b4 31. Nf3 Bg7 32. Bg5 Re8 33. Nd2 f6 34. Bf4 e5 35. Be3 Nxe3 36. fxe3 e4 37. Nxe4 f5 38. Qb3+ Kh8 39. Ng5 Rxe3 40. Nf7+ Kh7 1/2-1/2

[Event "SB-2022-0-00630"]
[Site "LSS email"]
[Date "2022.01.27"]
[Round "?"]
[White "D'Emilia, Jack"]
[Black "Cleto Junior, Dirceu"]
[Result "1/2-1/2"]
[WhiteElo "1912"]
[BlackElo "1960"]
[PlyCount "40"]
[EventDate "2021.12.17"]
[EventType "tourn (corr)"]
[EventRounds "6"]
[EventCountry "GER"]
[SourceTitle "Corr 2024"]
[Source "ChessBase"]
[SourceDate "2023.10.19"]
[SourceVersion "1"]
[SourceVersionDate "2023.10.19"]
[SourceQuality "1"]

1. e4 c5 2. c3 Nf6 3. e5 Nd5 4. Nf3 d6 5. Bc4 dxe5 6. Nxe5 e6 7. 0-0 Bd6 8. d4 0-0 9. h3 b6 10. Re1 Bb7 11. dxc5 Bxc5 12. Nd2 Nd7 13. Bxd5 Bxd5 14. Nxd7 Qxd7 15. Ne4 Be7 16. c4 Bc6 17. Qxd7 Bxd7 18. Be3 Bc6 19. Nc3 Rfd8 20. Red1 Kf8 1/2-1/2

[Event "SB-2022-0-00630"]
[Site "LSS email"]
[Date "2022.01.27"]
[Round "?"]
[White "Wittal, Werner"]
[Black "D'Emilia, Jack"]
[Result "1/2-1/2"]
[WhiteElo "1970"]
[BlackElo "1912"]
[PlyCount "59"]
[EventDate "2021.12.17"]
[EventType "tourn (corr)"]
[EventRounds "6"]
[EventCountry "GER"]
[SourceTitle "Corr 2024"]
[Source "ChessBase"]
[SourceDate "2023.10.19"]
[SourceVersion "1"]
[SourceVersionDate "2023.10.19"]
[SourceQuality "1"]

1. Nf3 Nf6 2. c4 c5 3. b3 Nc6 4. Bb2 e6 5. g3 d5 6. cxd5 exd5 7. Bg2 d4 8. 0-0 Be7 9. Na3 0-0 10. Nc4 Be6 11. e3 Bd5 12. exd4 cxd4 13. Re1 Bc5 14. Nce5 Qd6 15. Rc1 Nxe5 16. Nxe5 Rfe8 17. Qc2 b6 18. Nd3 h6 19. Rxe8+ Rxe8 20. Bxd5 Qxd5 21. Qc4 Qf5 22. Bxd4 Ba3 23. Re1 Ne4 24. Be3 Rd8 25. Bf4 Nxg3 26. hxg3 Qxd3 27. Re8+ Bf8 28. Qxd3 Rxd3 29. Ra8 Rd7 30. Kg2 1/2-1/2

[Event "SB-2022-0-00630"]
[Site "LSS email"]
[Date "2022.01.25"]
[Round "?"]
[White "Baltar, Antoni"]
[Black "D'Emilia, Jack"]
[Result "1/2-1/2"]
[WhiteElo "1980"]
[BlackElo "1912"]
[PlyCount "79"]
[EventDate "2021.12.17"]
[EventType "tourn (corr)"]
[EventRounds "6"]
[EventCountry "GER"]
[SourceTitle "Corr 2024"]
[Source "ChessBase"]
[SourceDate "2023.10.19"]
[SourceVersion "1"]
[SourceVersionDate "2023.10.19"]
[SourceQuality "1"]

1. e4 e5 2. Nc3 Nf6 3. Bc4 Bc5 4. d3 c6 5. Bb3 d6 6. h3 0-0 7. Nge2 a5 8. 0-0 b5 9. a3 h6 10. Ng3 a4 11. Ba2 Be6 12. Kh1 Nbd7 13. f4 Ba7 14. Bd2 Kh7 15. fxe5 Nxe5 16. Nf5 Re8 17. Qe2 Ng8 18. d4 Bxf5 19. dxe5 Be6 20. Bxe6 fxe6 21. exd6 e5 22. Nd1 Qxd6 23. Ne3 Bxe3 24. Bxe3 Rf8 25. c4 Rxf1+ 26. Rxf1 b4 27. axb4 Qxb4 28. Qh5 Qxc4 29. Qf5+ Kh8 30. Rf3 Re8 31. Kh2 Qe6 32. Qxe6 Rxe6 33. Rf8 Rd6 34. Re8 Rd3 35. Bc5 Rd2 36. Ba3 Rd4 37. Rxe5 Nf6 38. Re6 Nxe4 39. Rxc6 Kh7 40. Bf8 1/2-1/2

[Event "SB-2022-0-00628"]
[Site "LSS email"]
[Date "2022.01.05"]
[Round "?"]
[White "Varas, Pablo"]
[Black "D'Emilia, Jack"]
[Result "1/2-1/2"]
[WhiteElo "1887"]
[BlackElo "1909"]
[PlyCount "83"]
[EventDate "2021.11.21"]
[EventType "tourn (corr)"]
[EventRounds "6"]
[EventCountry "GER"]
[SourceTitle "Corr 2024"]
[Source "ChessBase"]
[SourceDate "2023.10.19"]
[SourceVersion "1"]
[SourceVersionDate "2023.10.19"]
[SourceQuality "1"]

1. d4 e6 2. c4 d5 3. Nc3 Nf6 4. cxd5 exd5 5. Bg5 Be7 6. e3 0-0 7. Bd3 h6 8. Bh4 Re8 9. Nge2 c6 10. 0-0 Nbd7 11. a3 Ne4 12. Bxe7 Qxe7 13. Nxe4 dxe4 14. Bc4 Nf6 15. Rc1 a6 16. Bb3 Be6 17. Bxe6 Qxe6 18. Nf4 Qd6 19. Rc5 Nd7 20. Rc4 Re7 21. Qb3 Nf6 22. Rc5 Kh7 23. a4 Rd8 24. Rfc1 g5 25. Ne2 Nd5 26. Nc3 f5 27. Nxd5 cxd5 28. Qd1 f4 29. a5 Rf8 30. Qg4 Rf6 31. Rc8 Rg7 32. h3 Qb4 33. R8c7 Qxa5 34. Rd7 fxe3 35. fxe3 Qd2 36. Rcc7 Qf2+ 37. Kh2 Rff7 38. Rxb7 Rxd7 39. Rxd7 Rxd7 40. Qxd7+ Kg6 41. Qb7 Qxe3 42. Qxa6+ 1/2-1/2

[Event "SB-2021-0-00626"]
[Site "LSS email"]
[Date "2021.12.10"]
[Round "?"]
[White "Baltar, Antoni"]
[Black "D'Emilia, Jack"]
[Result "1/2-1/2"]
[WhiteElo "1919"]
[BlackElo "1877"]
[PlyCount "58"]
[EventDate "2021.09.25"]
[EventType "tourn (corr)"]
[EventRounds "6"]
[EventCountry "GER"]
[SourceTitle "Corr 2024"]
[Source "ChessBase"]
[SourceDate "2023.10.19"]
[SourceVersion "1"]
[SourceVersionDate "2023.10.19"]
[SourceQuality "1"]

1. e4 e5 2. Nf3 Nc6 3. Bc4 Bc5 4. b4 Bxb4 5. c3 Ba5 6. d4 d6 7. Qb3 Qd7 8. dxe5 dxe5 9. Ba3 Bb6 10. 0-0 Na5 11. Nxe5 Nxb3 12. axb3 Qe6 13. Bxe6 Bxe6 14. Nc4 Bxc4 15. bxc4 a6 16. Rd1 Ba7 17. Ra2 Nf6 18. Rad2 h5 19. c5 0-0 20. f3 Rfe8 21. Kf1 h4 22. Rd3 Re5 23. Rd8+ Rxd8 24. Rxd8+ Re8 25. Rd3 c6 26. g3 hxg3 27. hxg3 Bb8 28. g4 Bf4 29. Nd2 Kf8 1/2-1/2

[Event "SB-2021-0-00626"]
[Site "LSS email"]
[Date "2021.12.10"]
[Round "?"]
[White "Schwarte, Joachim"]
[Black "D'Emilia, Jack"]
[Result "1/2-1/2"]
[WhiteElo "1948"]
[BlackElo "1877"]
[PlyCount "74"]
[EventDate "2021.09.25"]
[EventType "tourn (corr)"]
[EventRounds "6"]
[EventCountry "GER"]
[SourceTitle "Corr 2024"]
[Source "ChessBase"]
[SourceDate "2023.10.19"]
[SourceVersion "1"]
[SourceVersionDate "2023.10.19"]
[SourceQuality "1"]

1. d4 e6 2. c4 Nf6 3. Nf3 h6 4. Nc3 Bb4 5. Qc2 c5 6. dxc5 Na6 7. g3 Nxc5 8. Bg2 b6 9. 0-0 Bb7 10. Rd1 0-0 11. Bf4 Nce4 12. Nxe4 Bxe4 13. Qa4 a5 14. Ne5 Bxg2 15. Kxg2 d5 16. cxd5 Nxd5 17. a3 Be7 18. Nd7 Qe8 19. e4 Nf6 20. Nxb6 Qxa4 21. Nxa4 Nxe4 22. Rab1 Rac8 23. Rbc1 Bg5 24. Bxg5 hxg5 25. Nb6 Rxc1 26. Rxc1 Rb8 27. Rc8+ Rxc8 28. Nxc8 Kf8 29. Kf3 Nd2+ 30. Ke2 Nc4 31. b4 axb4 32. axb4 Ke8 33. Kd3 Ne5+ 34. Kd4 f6 35. Nd6+ Kd7 36. Ne4 Nf3+ 37. Kc4 Kc7 1/2-1/2

[Event "SB-2021-0-00623"]
[Site "LSS email"]
[Date "2021.10.15"]
[Round "?"]
[White "D'Emilia, Jack"]
[Black "Obukhov, Gennady"]
[Result "1/2-1/2"]
[WhiteElo "1863"]
[BlackElo "1952"]
[PlyCount "34"]
[EventDate "2021.08.08"]
[EventType "tourn (corr)"]
[EventRounds "6"]
[EventCountry "GER"]
[SourceTitle "Corr 2024"]
[Source "ChessBase"]
[SourceDate "2023.10.19"]
[SourceVersion "1"]
[SourceVersionDate "2023.10.19"]
[SourceQuality "1"]

1. e4 e6 2. d4 d5 3. Nc3 Nf6 4. Bg5 dxe4 5. Nxe4 Nbd7 6. Nf3 Be7 7. Nxf6+ Bxf6 8. Bxf6 Nxf6 9. g3 b6 10. Bb5+ Bd7 11. Qe2 0-0 12. Bxd7 Qxd7 13. 0-0 Qd5 14. a4 Rfd8 15. b4 Qd6 16. c3 a5 17. b5 Nd7 1/2-1/2

[Event "SB-2021-0-00621"]
[Site "LSS email"]
[Date "2021.08.31"]
[Round "?"]
[White "Martin, Simone"]
[Black "D'Emilia, Jack"]
[Result "1-0"]
[WhiteElo "1921"]
[BlackElo "1818"]
[PlyCount "114"]
[EventDate "2021.07.19"]
[EventType "tourn (corr)"]
[EventRounds "6"]
[EventCountry "GER"]
[SourceTitle "Corr 2024"]
[Source "ChessBase"]
[SourceDate "2023.10.19"]
[SourceVersion "1"]
[SourceVersionDate "2023.10.19"]
[SourceQuality "1"]

1. Nf3 d5 2. c4 d4 3. b4 f6 4. e3 e5 5. c5 a5 6. Qa4+ Qd7 7. Bb5 c6 8. Bc4 Ne7 9. b5 Nd5 10. exd4 Nf4 11. Kf1 Qf5 12. d3 Nxg2 13. Nbd2 Qh3 14. Rg1 Nf4+ 15. Ke1 Ng2+ 16. Rxg2 Qxg2 17. bxc6 bxc6 18. Rb1 exd4 19. Ba3 Be7 20. Rb6 Kf8 21. Nxd4 Qh1+ 22. Ke2 Qxh2 23. N2f3 Qc7 24. Ne6+ Bxe6 25. Bxe6 Ra6 26. Qd4 Ra7 27. Bc1 Na6 28. Bf4 Qd8 29. Rxc6 Qxd4 30. Nxd4 Ra8 31. Bd6 Nxc5 32. Bxc5 Bxc5 33. Rxc5 Re8 34. Kf3 g6 35. Bc4 f5 36. Rc7 Re7 37. Ne6+ Kf7 38. Nc5+ Kf6 39. Rc6+ Ke5 40. Ne6 Rd7 41. Ke3 f4+ 42. Nxf4 Re8 43. d4+ Kf5+ 44. Ne6 Kg4 45. Rc5 Rf7 46. Re5 Rf3+ 47. Ke2 Rc3 48. Re4+ Kh5 49. d5 Rc8 50. Bb3 a4 51. Rxa4 Rxb3 52. axb3 Rc2+ 53. Ke3 Rc3+ 54. Ke4 Rxb3 55. d6 Rb6 56. d7 Rxe6+ 57. Kd5 Re1 1-0

[Event "SB-2021-0-00621"]
[Site "LSS email"]
[Date "2021.08.27"]
[Round "?"]
[White "D'Emilia, Jack"]
[Black "Madrid, Antonio"]
[Result "1-0"]
[WhiteElo "1818"]
[BlackElo "1966"]
[PlyCount "61"]
[EventDate "2021.07.19"]
[EventType "tourn (corr)"]
[EventRounds "6"]
[EventCountry "GER"]
[SourceTitle "Corr 2024"]
[Source "ChessBase"]
[SourceDate "2023.10.19"]
[SourceVersion "1"]
[SourceVersionDate "2023.10.19"]
[SourceQuality "1"]

1. e4 d5 2. exd5 Nf6 3. Nf3 Nxd5 4. d4 g6 5. c4 Nb6 6. a4 Bg7 7. a5 N6d7 8. Nc3 0-0 9. Be2 e5 10. Bg5 Bf6 11. Bxf6 Qxf6 12. d5 Na6 13. 0-0 Ndc5 14. Ra3 Re8 15. Ne1 Bf5 16. g4 Bc8 17. Nc2 Nd7 18. f3 Qe7 19. b4 Qf8 20. Rb3 b6 21. axb6 axb6 22. Qd2 Bb7 23. Ne4 c6 24. Ne3 Nc7 25. g5 h5 26. gxh6 cxd5 27. h7+ Kh8 28. cxd5 Red8 29. Rc3 Ne8 30. Ng5 Ndf6 31. f4 1-0

[Event "SB-2021-0-00618"]
[Site "LSS email"]
[Date "2021.07.23"]
[Round "?"]
[White "D'Emilia, Jack"]
[Black "Martin, Simone"]
[Result "1/2-1/2"]
[WhiteElo "1807"]
[BlackElo "1816"]
[PlyCount "46"]
[EventDate "2021.05.23"]
[EventType "tourn (corr)"]
[EventRounds "6"]
[EventCountry "GER"]
[SourceTitle "Corr 2024"]
[Source "ChessBase"]
[SourceDate "2023.10.19"]
[SourceVersion "1"]
[SourceVersionDate "2023.10.19"]
[SourceQuality "1"]

1. e4 e5 2. Nf3 Nc6 3. Bb5 a6 4. Ba4 Nf6 5. 0-0 b5 6. Bb3 Be7 7. d4 d6 8. dxe5 Nxe5 9. Nxe5 dxe5 10. Qxd8+ Bxd8 11. a4 Bb7 12. f3 Be7 13. Be3 c5 14. axb5 axb5 15. Rxa8+ Bxa8 16. c4 b4 17. Nd2 Kd7 18. Ba4+ Kc7 19. Nb3 Bc6 20. Bxc6 Kxc6 21. Ra1 Nd7 22. Ra6+ Kb7 23. Ra5 Kb6 1/2-1/2

[Event "SB-2021-0-00618"]
[Site "LSS email"]
[Date "2021.07.23"]
[Round "?"]
[White "Ruano Casanova, Enrique"]
[Black "D'Emilia, Jack"]
[Result "1/2-1/2"]
[WhiteElo "1940"]
[BlackElo "1807"]
[PlyCount "63"]
[EventDate "2021.05.23"]
[EventType "tourn (corr)"]
[EventRounds "6"]
[EventCountry "GER"]
[SourceTitle "Corr 2024"]
[Source "ChessBase"]
[SourceDate "2023.10.19"]
[SourceVersion "1"]
[SourceVersionDate "2023.10.19"]
[SourceQuality "1"]

1. e4 e5 2. Nf3 Nc6 3. d4 exd4 4. Bc4 Nf6 5. e5 Ne4 6. Qe2 Nc5 7. c3 d3 8. Qe3 Be7 9. 0-0 0-0 10. b4 Ne6 11. Rd1 d6 12. Bxd3 Bd7 13. Na3 Re8 14. Be4 a5 15. b5 Nxe5 16. Nxe5 dxe5 17. Bxb7 Bc5 18. Qe2 Rb8 19. Bc6 Bd6 20. Nc4 Bxc6 21. bxc6 h6 22. Be3 Qf6 23. Nxd6 cxd6 24. Qd2 Rbc8 25. Qxd6 Red8 26. Qa3 Rxc6 27. Qxa5 Rdc8 28. a4 Nf4 29. Qb5 Rxc3 30. Qf1 Ra8 31. a5 Rc6 32. Kh1 1/2-1/2

[Event "SB-2021-0-00618"]
[Site "LSS email"]
[Date "2021.07.23"]
[Round "?"]
[White "Salonen, Jukka"]
[Black "D'Emilia, Jack"]
[Result "0-1"]
[WhiteElo "1750"]
[BlackElo "1807"]
[PlyCount "84"]
[EventDate "2021.05.23"]
[EventType "tourn (corr)"]
[EventRounds "6"]
[EventCountry "GER"]
[SourceTitle "Corr 2024"]
[Source "ChessBase"]
[SourceDate "2023.10.19"]
[SourceVersion "1"]
[SourceVersionDate "2023.10.19"]
[SourceQuality "1"]

1. d4 Nf6 2. c4 e6 3. Nc3 Bb4 4. e3 0-0 5. Bd3 c5 6. Nf3 Bxc3+ 7. bxc3 d6 8. 0-0 Nc6 9. e4 e5 10. d5 Ne7 11. Nh4 h6 12. f4 Ng6 13. Nxg6 fxg6 14. fxe5 dxe5 15. Rb1 b6 16. a4 Bd7 17. Bc2 a5 18. Qd3 Rb8 19. Be3 Qe8 20. Ra1 g5 21. Qe2 Qg6 22. Rab1 Nh5 23. Rxf8+ Rxf8 24. d6 g4 25. Rxb6 g3 26. h3 Nf4 27. Bxf4 Rxf4 28. Bd3 Qg5 29. Qe1 Rf2 30. Rb7 Rd2 31. Bf1 Bxa4 32. Rb8+ Kh7 33. Rf8 Rxd6 34. Rf5 Rd1 35. Qe2 Qg6 36. Rxe5 Bb3 37. Rd5 Rc1 38. e5 Qf5 39. Rxc5 a4 40. Qf3 Bc2 41. h4 a3 42. Rc8 a2 0-1

[Event "SB-2021-0-00617"]
[Site "LSS email"]
[Date "2021.07.13"]
[Round "?"]
[White "Granara Barreto, Sebastian"]
[Black "D'Emilia, Jack"]
[Result "1/2-1/2"]
[WhiteElo "1977"]
[BlackElo "1789"]
[PlyCount "71"]
[EventDate "2021.04.08"]
[EventType "tourn (corr)"]
[EventRounds "6"]
[EventCountry "GER"]
[SourceTitle "Corr 2024"]
[Source "ChessBase"]
[SourceDate "2023.10.19"]
[SourceVersion "1"]
[SourceVersionDate "2023.10.19"]
[SourceQuality "1"]

1. d4 Nf6 2. c4 e6 3. Nc3 Bb4 4. e3 0-0 5. Nf3 c5 6. Bd3 Bxc3+ 7. bxc3 d6 8. e4 Nc6 9. Bg5 cxd4 10. cxd4 e5 11. d5 Nb4 12. 0-0 h6 13. Qb1 Na6 14. Be3 b6 15. Rc1 Nc5 16. Bxc5 bxc5 17. Rc3 Nh5 18. Rb3 Bd7 19. g3 Nf6 20. Qb2 Ba4 21. Rb7 Rb8 22. Rb1 Rxb7 23. Qxb7 Qa5 24. Qb2 Bd7 25. Kg2 Re8 26. Ng1 Qd8 27. Ne2 Bc8 28. Qa3 Qd7 29. Ng1 Qc7 30. Rb3 g6 31. f3 Nh7 32. Qc1 Kg7 33. Ne2 Qe7 34. Ra3 Rh8 35. Qe3 g5 36. Bc2 1/2-1/2

[Event "SB-2021-0-00617"]
[Site "LSS email"]
[Date "2021.07.13"]
[Round "?"]
[White "Laudati, Lelio"]
[Black "D'Emilia, Jack"]
[Result "1/2-1/2"]
[WhiteElo "1943"]
[BlackElo "1789"]
[PlyCount "47"]
[EventDate "2021.04.08"]
[EventType "tourn (corr)"]
[EventRounds "6"]
[EventCountry "GER"]
[SourceTitle "Corr 2024"]
[Source "ChessBase"]
[SourceDate "2023.10.19"]
[SourceVersion "1"]
[SourceVersionDate "2023.10.19"]
[SourceQuality "1"]

1. d4 Nf6 2. Nf3 e6 3. c4 d5 4. Nc3 dxc4 5. e4 Bb4 6. Bg5 h6 7. Qa4+ Nc6 8. Bxf6 Qxf6 9. Bxc4 Bd7 10. Bb5 Bxc3+ 11. bxc3 Qg6 12. 0-0 Qxe4 13. Rfe1 Qf4 14. d5 Qxa4 15. Bxa4 Nd8 16. Bxd7+ Kxd7 17. Ne5+ Kc8 18. dxe6 fxe6 19. Rad1 a5 20. Rd7 Rg8 21. Re7 Ra6 22. Rd1 Nc6 23. Rxe6 Nxe5 24. Rxe5 1/2-1/2

[Event "SC-2021-0-00408"]
[Site "LSS email"]
[Date "2021.07.12"]
[Round "?"]
[White "Zemlyanov, Sergey"]
[Black "D'Emilia, Jack"]
[Result "1-0"]
[WhiteElo "1702"]
[BlackElo "1784"]
[PlyCount "134"]
[EventDate "2021.04.26"]
[EventType "tourn (corr)"]
[EventRounds "6"]
[EventCountry "GER"]
[SourceTitle "Corr 2024"]
[Source "ChessBase"]
[SourceDate "2023.10.19"]
[SourceVersion "1"]
[SourceVersionDate "2023.10.19"]
[SourceQuality "1"]

1. d4 Nf6 2. c4 e6 3. Nc3 Bb4 4. f3 d5 5. a3 Bxc3+ 6. bxc3 c5 7. cxd5 exd5 8. e3 b6 9. Bb5+ Bd7 10. Bd3 Nc6 11. Ne2 0-0 12. 0-0 Qe7 13. Ra2 Qd6 14. Qe1 Rfe8 15. Qf2 Rac8 16. h3 Nd8 17. Ng3 cxd4 18. cxd4 Rc3 19. Bb1 Rb3 20. Bc2 Rc3 21. Bb1 Rb3 22. Ra1 h6 23. Ba2 Rc3 24. Re1 Qc7 25. Bd2 Rc2 26. Rac1 Ne6 27. Rxc2 Qxc2 28. Bb1 Qb3 29. e4 dxe4 30. fxe4 Nxd4 31. e5 Rxe5 32. Rxe5 Qxb1+ 33. Re1 Qb2 34. Rf1 Be6 35. Bxh6 Qxf2+ 36. Rxf2 Nd5 37. Bc1 f6 38. Ne4 Kf8 39. g4 Nc6 40. Bb2 Nd8 41. Kh2 Nf7 42. Re2 Bd7 43. Re1 Bc6 44. Kg3 Ne7 45. h4 Nh6 46. Nf2 Nf7 47. h5 Bd7 48. Rd1 Bc6 49. Nh3 Ke8 50. Bc3 Nd5 51. Re1+ Kd7 52. Bd2 Nc7 53. Bb4 Ne6 54. Nf4 Nfg5 55. Nxe6 Nxe6 56. Rf1 a5 57. Bd2 Nc5 58. Be3 Ne4+ 59. Kh2 b5 60. g5 fxg5 61. Rf7+ Ke6 62. Rxg7 Nf6 63. h6 Ng4+ 64. Kg3 Nxh6 65. Rg6+ Kd5 66. Rxh6 b4 67. axb4 axb4 1-0

[Event "SC-2021-0-00406"]
[Site "LSS email"]
[Date "2021.05.15"]
[Round "?"]
[White "Martin, Simone"]
[Black "D'Emilia, Jack"]
[Result "1/2-1/2"]
[WhiteElo "1739"]
[BlackElo "1763"]
[PlyCount "73"]
[EventDate "2021.03.27"]
[EventType "tourn (corr)"]
[EventRounds "6"]
[EventCountry "GER"]
[SourceTitle "Corr 2024"]
[Source "ChessBase"]
[SourceDate "2023.10.19"]
[SourceVersion "1"]
[SourceVersionDate "2023.10.19"]
[SourceQuality "1"]

1. Nf3 e6 2. e4 Nf6 3. e5 Nd5 4. d4 d6 5. c4 Ne7 6. exd6 cxd6 7. Nc3 h6 8. d5 e5 9. c5 Nd7 10. cxd6 Nf5 11. Bd3 g6 12. Nb5 Nxd6 13. 0-0 Nxb5 14. Bxb5 Bg7 15. Bxd7+ Bxd7 16. Nxe5 0-0 17. Re1 Bf5 18. Bf4 Re8 19. Qd2 Rc8 20. g4 g5 21. Bg3 Be6 22. Red1 Bxe5 23. dxe6 Qxd2 24. exf7+ Kxf7 25. Rxd2 Bxg3 26. hxg3 Rc4 27. f3 b5 28. Rad1 b4 29. Kf2 a5 30. Rd7+ Re7 31. Rxe7+ Kxe7 32. Ke3 Rc2 33. Rd2 Rc6 34. Kd3 Kf7 35. Rc2 Rd6+ 36. Ke4 Kg6 37. Re2 1/2-1/2

[Event "SC-2021-0-00406"]
[Site "LSS email"]
[Date "2021.05.12"]
[Round "?"]
[White "Knoeppel, Bjoern"]
[Black "D'Emilia, Jack"]
[Result "1/2-1/2"]
[WhiteElo "1759"]
[BlackElo "1763"]
[PlyCount "75"]
[EventDate "2021.03.27"]
[EventType "tourn (corr)"]
[EventRounds "6"]
[EventCountry "GER"]
[SourceTitle "Corr 2024"]
[Source "ChessBase"]
[SourceDate "2023.10.19"]
[SourceVersion "1"]
[SourceVersionDate "2023.10.19"]
[SourceQuality "1"]

1. d4 d5 2. c4 e6 3. Nf3 Nf6 4. g3 Bb4+ 5. Nbd2 dxc4 6. Bg2 b5 7. 0-0 a5 8. a3 Be7 9. b3 cxb3 10. Qxb3 c6 11. Ne5 Bb7 12. Bb2 a4 13. Qc2 0-0 14. Rac1 Bd6 15. Nd3 Nbd7 16. Nc5 Nxc5 17. dxc5 Be7 18. Bxf6 Bxf6 19. Ne4 Be7 20. Rfd1 Qc7 21. Nd6 Rad8 22. Qd2 e5 23. Bh3 Bf6 24. Qb4 g6 25. Rc3 Bg7 26. e4 Qe7 27. Rcd3 Ba6 28. f4 exf4 29. gxf4 Bc8 30. Bxc8 Rxc8 31. Nxc8 Rxc8 32. e5 Qe6 33. Qe4 Bf8 34. f5 gxf5 35. Qg2+ Kh8 36. Rd8 Rxd8 37. Rxd8 Qh6 38. Rxf8+ 1/2-1/2

[Event "SC-2021-0-00400"]
[Site "LSS email"]
[Date "2021.02.11"]
[Round "?"]
[White "D'Emilia, Jack"]
[Black "Langheld, Werner"]
[Result "1/2-1/2"]
[WhiteElo "1754"]
[BlackElo "1649"]
[PlyCount "74"]
[EventDate "2020.10.13"]
[EventType "tourn (corr)"]
[EventRounds "6"]
[EventCountry "GER"]
[SourceTitle "Corr 2024"]
[Source "ChessBase"]
[SourceDate "2023.10.19"]
[SourceVersion "1"]
[SourceVersionDate "2023.10.19"]
[SourceQuality "1"]

1. e4 d5 2. exd5 Qxd5 3. Nc3 Qa5 4. d4 Nf6 5. a3 c6 6. Bd3 Bg4 7. Nf3 e6 8. 0-0 Bd6 9. h3 Bh5 10. Ne4 Nxe4 11. Bxe4 Nd7 12. c4 Qc7 13. Re1 Nf6 14. Bc2 0-0 15. Bg5 Bf4 16. Bxf4 Qxf4 17. Re3 Rad8 18. g4 Bg6 19. Bxg6 hxg6 20. Qd2 Ne4 21. Qe1 Ng5 22. Nxg5 Qxg5 23. Rd3 Rd6 24. Kg2 Qe7 25. Qe5 Rfd8 26. Rad1 a6 27. Qc5 Qc7 28. Qg5 b5 29. b3 Qb7 30. Kg1 a5 31. Qc5 Kh7 32. Re1 a4 33. bxa4 bxc4 34. Qxc4 Qa7 35. Rf3 Rxd4 36. Qxc6 R8d6 37. Qe8 Rd7 1/2-1/2

[Event "SC-2021-0-00400"]
[Site "LSS email"]
[Date "2021.02.08"]
[Round "?"]
[White "Martins, Karin"]
[Black "D'Emilia, Jack"]
[Result "0-1"]
[WhiteElo "1663"]
[BlackElo "1754"]
[PlyCount "66"]
[EventDate "2020.10.13"]
[EventType "tourn (corr)"]
[EventRounds "6"]
[EventCountry "GER"]
[SourceTitle "Corr 2024"]
[Source "ChessBase"]
[SourceDate "2023.10.19"]
[SourceVersion "1"]
[SourceVersionDate "2023.10.19"]
[SourceQuality "1"]

1. e4 e5 2. Nf3 Nc6 3. d4 exd4 4. Nxd4 Nf6 5. Nxc6 bxc6 6. e5 Qe7 7. Qe2 Nd5 8. h4 Qe6 9. Nd2 a5 10. c4 Nb6 11. h5 h6 12. g3 Bb4 13. a3 Be7 14. b3 a4 15. b4 0-0 16. f4 c5 17. Bg2 Rb8 18. 0-0 f5 19. b5 d5 20. Rd1 Qf7 21. Bb2 Be6 22. Rac1 dxc4 23. Nf1 Nd5 24. Rxc4 Rxb5 25. Rxa4 Rfb8 26. Ba1 c6 27. Ra6 Qe8 28. Nd2 c4 29. Bd4 Rb2 30. Rc1 Ra2 31. Qd1 c3 32. Bxd5 Bxd5 33. Rxc3 Rbb2 0-1

[Event "SC-2020-0-00396"]
[Site "LSS email"]
[Date "2020.10.05"]
[Round "?"]
[White "D'Emilia, Jack"]
[Black "Cruz Ramirez, Eliecer"]
[Result "1/2-1/2"]
[WhiteElo "1682"]
[BlackElo "1782"]
[PlyCount "42"]
[EventDate "2020.08.04"]
[EventType "tourn (corr)"]
[EventRounds "6"]
[EventCountry "GER"]
[SourceTitle "Corr 2024"]
[Source "ChessBase"]
[SourceDate "2023.10.19"]
[SourceVersion "1"]
[SourceVersionDate "2023.10.19"]
[SourceQuality "1"]

1. e4 c5 2. Nf3 d6 3. Nc3 Nc6 4. d4 cxd4 5. Nxd4 Nf6 6. f3 e5 7. Nb3 Be7 8. Be3 Be6 9. Qe2 a5 10. 0-0-0 a4 11. Nc5 a3 12. b3 Qa5 13. N5a4 0-0 14. Qd2 Rfc8 15. Kb1 Nd4 16. Ne2 d5 17. Bxd4 exd4 18. Qxa5 Rxa5 19. e5 d3 20. Rxd3 Nd7 21. f4 Bb4 1/2-1/2